[Event "Asia Cities-ch 15th"]
[Site "Tehran"]
[Date "2007.03.05"]
[Round "5.9"]
[White "Wajdy, Shebetah"]
[Black "Anilkumar, OT."]
[Result "1/2-1/2"]
[WhiteElo "2058"]
[BlackElo "2234"]
[PlyCount "124"]
[EventDate "2007.03.02"]
[EventType "team-swiss"]
[EventRounds "9"]
[EventCountry "IRI"]
[SourceTitle "EXT 2020"]
[Source "ChessBase"]
[SourceDate "2019.10.17"]
[SourceVersion "1"]
[SourceVersionDate "2019.10.17"]
[SourceQuality "1"]
[WhiteTeam "Al Quds (Jerusalem)"]
[BlackTeam "Kozhikode"]
[WhiteTeamCountry "PLE"]
[BlackTeamCountry "IND"]

1. e4 g6 2. d4 Bg7 3. Nf3 d6 4. Bc4 c6 5. Qe2 Nf6 6. Bb3 d5 7. e5 Ng8 8. 0-0 Bg4 9. Nbd2 e6 10. h3 Bxf3 11. Nxf3 Nd7 12. c3 Ne7 13. Bg5 h6 14. Bxe7 Qxe7 15. a4 a5 16. Bc2 0-0 17. b4 b6 18. Rfb1 Rfc8 19. Bd3 Rc7 20. Qd2 Bf8 21. h4 Qd8 22. g3 Rca7 23. b5 c5 24. Qf4 Rc8 25. Rc1 Rac7 26. Nh2 Bg7 27. Ng4 g5 28. Qd2 h5 29. Nh2 gxh4 30. Qf4 hxg3 31. fxg3 f5 32. Nf3 Nf8 33. Nh4 Qe7 34. Rd1 Nh7 35. Nf3 cxd4 36. cxd4 Rc3 37. Ra2 Qf8 38. Rh2 Bh6 39. Qh4 Qf7 40. Qxh5 Qxh5 41. Rxh5 Be3+ 42. Kg2 R8c7 43. Kf1 Rc1 44. Rxc1 Bxc1 45. Ke2 Nf8 46. Rh1 Rc3 47. Rg1 Ng6 48. Nh4 Nh8 49. Nf3 Ng6 50. Nh4 Ne7 51. g4 f4 52. Nf3 Kg7 53. Ng5 f3+ 54. Nxf3 Ng6 55. Bxg6 Kxg6 56. Rd1 Re3+ 57. Kf2 Rc3 58. Ke2 Rc4 59. Rh1 Bh6 60. Ra1 Bf4 61. Kd3 Rb4 62. Kc3 Rc4+ 1/2-1/2